000 00861nam a2200289Ia 4500
999 _c55105
_d55105
001 22180
003 GE_BSU
005 20221208123037.0
008 181216s2012||||ge |||||||||||||| ||geo||
020 _a9783191119010
040 _cGE_BSU
041 _ageo
080 _a811.112.1 G-51
100 _aGlas-Peters, Sabine
_916347
245 _aMenschen A1 Deutsch als Fremdsprache :
_bArbeitsbuch /
_cSabine Glas-Peters, Angela Pude, M. Reiman.
264 _aBobingen :
_bHueber Verlag,
_c2012.
300 _a214 p. ;
_c30cm.
_e+2CD
541 _h60 Gel.
653 _aMenschen A1
653 _aDeutsch als Fremdsprache
653 _aArbeitsbuch
653 _aНемецкий язык
653 _aგერმანული ენა.
700 _aPude, Angela
_ethe author
_916348
700 _aReiman, M.
_ethe author
_916349
942 _cBK
_2udc